|
|
|
|
| LEADER |
00922nam a2200265 a 4500 |
| 001 |
19270831 |
| 008 |
090621s1987 enk 00010 eng d |
| 010 |
|
|
|a gb 89021193
|
| 020 |
|
|
|a 0855980826 (pbk) :
|c £3.50
|
| 040 |
|
|
|a UKM
|c UKM
|d CPO
|
| 082 |
|
|
|2 22
|a 658.15
|
| 999 |
|
|
|c 1828
|d 1828
|
| 999 |
|
|
|c 1828
|
| 999 |
|
|
|c 1828
|
| 999 |
|
|
|c 1828
|
| 100 |
1 |
|
|a Millard, Edward
|9 1413
|
| 245 |
1 |
0 |
|a Financial management of a small handicraft business /
|c Edward Millard
|
| 260 |
|
|
|a Bicester, U.K. :
|b Oxfam,
|c c1987
|
| 300 |
|
|
|a 37 p. ;
|c 21 cm
|
| 541 |
1 |
|
|e 00003195
|
| 650 |
|
|
|9 1414
|a Corporations-Finance
|
| 650 |
|
|
|9 1415
|
| 852 |
4 |
|
|a Ayesha Abed Library
|j General Shelf.
|
| 942 |
|
|
|2 ddc
|c BK
|
| 952 |
|
|
|0 0
|1 0
|2 ddc
|4 0
|6 658_150000000000000_MIL
|7 0
|9 1674
|a BRACUL
|b BRACUL
|c GEN
|d 2009-06-29
|g 0.00
|l 1
|m 1
|o 658.15 MIL
|p 3010003195
|r 2025-04-28
|s 2025-04-17
|t 1
|w 2009-06-29
|y BK
|x No price found in the accession register.
|